Data jako zdroj konkurenční výhody

Využívanie dát, informácií, znalostí a inteligencie v ekonomike. Úloha dát a softvérových nástrojov (Business intelligence - BI) v znalostnej ekonomike. Dáta ako dôležitý strategický zdroj organizácie. Podniková platforma pre premenu dát na informácie a znalosti. Kvalita dát alfou a omegou riadiace...

Ausführliche Beschreibung

Gespeichert in:
Bibliographische Detailangaben
1. Verfasser: Zavoral, Petr
Format: Buchkapitel
Sprache:Tschechisch
Schlagworte:
Tags: Tag hinzufügen
Keine Tags, Fügen Sie das erste Tag hinzu!

MARC

LEADER 00000naa$a2200000$$$4500
001 0045130
005 20231106123451.8
041 0 |a cze 
044 |a CZ 
245 1 0 |a Data jako zdroj konkurenční výhody  |c Petr Zavoral 
520 |a Využívanie dát, informácií, znalostí a inteligencie v ekonomike. Úloha dát a softvérových nástrojov (Business intelligence - BI) v znalostnej ekonomike. Dáta ako dôležitý strategický zdroj organizácie. Podniková platforma pre premenu dát na informácie a znalosti. Kvalita dát alfou a omegou riadiaceho procesu. 
610 2 0 |a organizácie vedomostné 
610 2 0 |a informácie 
610 2 0 |a báza dát 
610 2 0 |a inteligencia 
610 2 0 |a technológie informačné 
610 2 0 |a výhody konkurenčné 
100 1 |a Zavoral, Petr